[Event "GER-ch U10 Girls"]
[Site "Willingen"]
[Date "2023.06.02"]
[Round "9"]
[White "Ebel, Io Cornelia"]
[Black "Braeutigam, Viktoria"]
[Result "1/2-1/2"]
[WhiteElo "768"]
[BlackElo "770"]
[PlyCount "49"]
[EventDate "2023.05.27"]
[EventType "swiss"]
[EventRounds "11"]
[EventCountry "GER"]
[SourceTitle "CBM 214 Extra"]
[Source "ChessBase"]
[SourceDate "2023.07.31"]
[SourceVersion "1"]
[SourceVersionDate "2023.07.31"]
[SourceQuality "1"]

1. e4 e5 2. Nf3 Nc6 3. Bc4 Bc5 4. d3 h6 5. Nc3 Nf6 6. Be3 Bb6 7. Bxb6 axb6 8. Qd2 0-0 9. 0-0-0 d6 10. h3 Bd7 11. Ne2 Ra5 12. Ng3 b5 13. Bb3 b6 14. Nf5 Qa8 15. Kb1 Be6 16. a3 Nd7 17. g4 Nc5 18. Ka2 Ra4 19. g5 Na5 20. Ne7+ Kh7 21. Ra1 Naxb3 22. cxb3 Nxb3 23. Qd1 Nxa1+ 24. Kxa1 Re8 25. gxh6 1/2-1/2